| 000 | 01329cad a22002175a 4500 | ||
|---|---|---|---|
| 001 | L155728 | ||
| 008 | 120411s2012 xxk 000 0 eng d | ||
| 035 | _a(Sirsi) u155728 | ||
| 041 | 0 | _aeng | |
| 110 | 2 |
_aGVA _95945 |
|
| 245 | 0 | 4 |
_aThe GVA Birmingham real estate ownership survey _bSpring 2012 _h[electronic resource] |
| 260 |
_aLondon _bGVA _c2012 |
||
| 490 | 0 |
_aGVA Birmingham Real Estate Ownership Survey _vSpring 2012 |
|
| 520 | _aAnalysis of the ownership of all major office and retail properties in Birmingham's recognised central business district covering almost 15m sq ft of office and retail property (71% offices, 29% retail). Provides a unique insight into the profile of the city's ownership profile. | ||
| 520 | _aWho owns Birmingham?: ownership by nationality - sectoral ownership - office stock by grade - rates of churn. Birmingham city centre occupier market overview: the office market - the retail market - transport infrastructure enhancements. Commercial property investment market overview:UK investment market trends - the Birmingham retail investment market - the Birmingham office investment - conclusions. | ||
| 590 | _aKA | ||
| 651 | 4 | _aBirmingham | |
| 690 |
_aCommercial property _96227 |
||
| 856 | 4 | 0 |
_uhttps://www.gva.co.uk/research/investment/ _zView the survey at www.gva.co.uk |
| 942 | _n0 | ||
| 999 |
_c83912 _d83912 |
||